Conflict and negotiation in specialized texts: selected papers of the 2nd CERLIS conference
সংরক্ষণ করুন:
| প্রধান লেখক: | , , |
|---|---|
| বিন্যাস: | গ্রন্থ |
| ভাষা: | ইংরেজি স্প্যানিশ জার্মান ফরাসি |
| প্রকাশিত: |
Berna
Peter Lang
2002
|
| সংস্করন: | 1a. ed |
| মালা: | Linguistics Insights Studies in Language and Communication, 3
|
| বিষয়গুলি: | |
| ট্যাগগুলো: |
ট্যাগ যুক্ত করুন
কোনো ট্যাগ নেই, প্রথমজন হিসাবে ট্যাগ করুন!
|
MARC
| LEADER | 00000nam a2200000 a 4500 | ||
|---|---|---|---|
| 001 | UCK0937 | ||
| 003 | CL-VaPUC | ||
| 005 | 20241203093048.0 | ||
| 008 | 041029e20020000sz 1 eng d | ||
| 020 | |a 3906769127 | ||
| 041 | 0 | 7 | |a eng |2 CL-VaPUC |
| 041 | 0 | 7 | |a spa |2 CL-VaPUC |
| 041 | 0 | 7 | |a ger |2 CL-VaPUC |
| 041 | 0 | 7 | |a fre |2 CL-VaPUC |
| 082 | 0 | 4 | |a 302.3 |b GOT |2 21 |
| 100 | |a Gotti, Maurizio |e author |9 620638 | ||
| 700 | 1 | |a Heller, Dorothee |e author |9 620636 | |
| 700 | 1 | |a Dossena, Marina |e author |9 620637 | |
| 245 | 1 | 0 | |a Conflict and negotiation in specialized texts: selected papers of the 2nd CERLIS conference |
| 250 | |a 1a. ed | ||
| 260 | |a Berna |b Peter Lang |c 2002 | ||
| 300 | |a 470 p | ||
| 490 | 0 | |a Linguistics Insights Studies in Language and Communication, 3 | |
| 583 | |a last modification |c 20190823 10:29:41 |k Rodrigo Vera | ||
| 650 | 0 | 0 | |a Negociación |9 307187 |
| 650 | 0 | 0 | |a Análisis del discurso |9 256696 |
| 650 | 0 | 0 | |a Solución de conflictos |9 266729 |
| 650 | 0 | 0 | |a Sociolingüística |9 263716 |
| 942 | |c BK | ||
| 945 | |a cmena |d 20041029 00:00:00 | ||
| 546 | |a En Inglés | ||
| 546 | |a En Español | ||
| 546 | |a En Alemán | ||
| 546 | |a En Francés | ||
| 536 | |a CERLIS | ||
| 518 | |p CERLIS Conference, 2, Bergamo, 18-20 october 2001 | ||
| 999 | |c 384075 |d 384073 | ||
| 952 | |0 0 |1 0 |4 0 |6 302_300000000000000_GOT_2002 |7 0 |8 A |9 506512 |a FDOPOS |b FDOPOS |d 2020-01-23 |i 4074041 |o 302.3 GOT 2002 |p 4074041 |r 2025-01-22 |w 2020-01-23 |y BK |k MLA | ||